| 000 | 00612nam a2200169K 4500 | ||
|---|---|---|---|
| 082 |
_a973 _bBRY |
||
| 100 | 1 |
_aBryce, James, _949176 |
|
| 245 | 1 | 4 | _aThe American commonwealth |
| 250 | _a2nd ed. | ||
| 260 |
_aNew York and London : _bMacmillan and Co., _c1889. |
||
| 300 | _a2 v. | ||
| 505 | 0 | _av. 1. The national government. The state governments. -- v. 2. The party system. Public opinion. Illustrations and reflections. Social institutions. | |
| 526 |
_a0 _b0 _c0 _d973_000000000000000_BRY |
||
| 650 |
_aMCE _9379 |
||
| 856 | 4 | 0 | _uhttp://catalog.hathitrust.org/api/volumes/oclc/237126951.html |
| 942 |
_2ddc _cBK |
||
| 999 |
_c552650 _d552650 |
||